Municipalities of Langlade County, Wisconsin - Statistics

General Stats
  • This quiz has been taken 14 times
  • The average score is 15 of 22
Answers on the Map
Answers color-coded by a green-red scale on the quiz's map according to % correct below.
 
Answer Stats
Answer % Correct
Census Designated Place of Elcho
86%
City of Antigo
86%
Town of Antigo
86%
Town of Elcho
86%
Town of Langlade
86%
Village of White Lake
86%
Census Designated Place of Post Lake
71%
Town of Polar
71%
Census Designated Place of Summit Lake
57%
Town of Ackley
57%
Town of Ainsworth
57%
Town of Evergreen
57%
Town of Neva
57%
Town of Norwood
57%
Town of Parrish
57%
Town of Peck
57%
Town of Price
57%
Town of Rolling
57%
Town of Summit
57%
Town of Upham
57%
Town of Vilas
57%
Town of Wolf River
57%
No matching quizzes found
Score Distribution
Percent of People with Each Score
Percentile by Number Answered
Your Score History
You have not taken this quiz